000 01149nam a2200325 a 4500
001 67086
003 BD-RjUL
005 20211209081620.0
008 170321s1993 njua b 001 0 eng c
020 _a0691032459 (cl : alk. paper) :
_c$24.95
035 _a(BD-RjUL)67217
040 _aDNLM/DLC
_cDLC
_dBD-RjUL
_beng
041 _aeng
082 0 0 _a150.1952
_223
_bGIF 1993
100 1 _aGilman, Sander L.
_9198716
245 1 0 _aFreud, race, and gender /
_cSander L. Gilman.
260 _aPrinceton, N.J. :
_bPrinceton University Press,
_cc1993.
300 _axvi, 277 p. :
_bill. ;
_c25 cm.
504 _aIncludes bibliographical references (p. [201]-265) and index.
600 1 0 _aFreud, Sigmund,
_d1856-1939
_xReligion.
_9198717
650 0 _aJudaism and psychoanalysis.
_9198718
650 0 _aAntisemitism
_xPsychological aspects
_xHistory.
_9198719
650 0 _aMedicine
_zAustria
_zVienna
_xHistory.
_9198720
650 0 _aJewish men
_xPsychology
_xHistory.
_9198721
650 2 _aEthnopsychology.
_9198722
650 2 _aFreudian Theory.
_995007
650 2 _aGender Identity.
_9198723
650 2 _aRace Relations.
_9198724
942 _2ddc
_cBK
999 _c67086
_d67086